La Ceca, la Meka et les Vallées d'Andorre / E. Raoul, A. Alzina
Descripción Física:
83 p. : il. ; 22 cm
Otros Autores:
Alzina, A.
Materias:
Andorra -- Descripcions i viatges
MARC
| LEADER | 00000nam a2200000Ia 4500 | ||
|---|---|---|---|
| 001 | 11352 | ||
| 008 | 160829s1951 xx 000 0 cat d | ||
| 080 | |a H-2-101 | ||
| 100 | |a Raoul, E. |9 25376 | ||
| 245 | |a La Ceca, la Meka et les Vallées d'Andorre / E. Raoul, A. Alzina | ||
| 260 | |a Andorra : |b (Imp. Casa Prov. de Caritat), |c 1951 | ||
| 300 | |a 83 p. : |b il. ; |c 22 cm | ||
| 650 | |a Andorra |x Descripcions i viatges |9 41963 | ||
| 700 | |a Alzina, A. |9 25378 | ||
| 901 | |a Arxiu | ||
| 942 | |n 1 | ||
| 952 | |0 0 |1 0 |4 0 |6 H2101 |7 1 |9 43587 |a Arxiu |b Arxiu |d 2016-12-01 |l 0 |o H-2-101 |p 11352 |r 2016-12-01 00:00:00 |w 2016-12-01 |y ARXIU | ||
| 999 | |c 46134 |d 46134 | ||